Estudio de la prefactibilidad técnica y financiera de la producción de aceite de pejibaye (Bactris gasipaes Kunth) como alternativa de consumo en el mercado costarricense
Shranjeno v:
| Glavni avtor: | |
|---|---|
| Drugi avtorji: | |
| Format: | Knjiga |
| Jezik: | Spanish |
| Izdano: |
San José, [Costa Rica]
2023
|
| Oznake: |
Označite
Brez oznak, prvi označite!
|
MARC
| LEADER | 00000nam a2200000Ia 4500 | ||
|---|---|---|---|
| 003 | 013749 | ||
| 005 | 20240105135638.0 | ||
| 008 | 140114s2023 cr a 000 ||spa d | ||
| 040 | |c cru CEDI | ||
| 100 | |a Zamora Sanabria, Paola Andrea, 1995- |9 2102 | ||
| 245 | |a Estudio de la prefactibilidad técnica y financiera de la producción de aceite de pejibaye (Bactris gasipaes Kunth) como alternativa de consumo en el mercado costarricense | ||
| 260 | |a San José, [Costa Rica] |c 2023 | ||
| 500 | |a Proyecto de graduación (licenciatura en ingeniería química)--Universidad de Costa Rica. Facultad de Ingeniería. Escuela de Ingeniería Química | ||
| 501 | |a Directora de Proyecto de Graduación: Inga. Juliana Da Luz Castro, Licda. | ||
| 700 | |a Da Luz Castro, Juliana, 1990- |d Directora del TFG |9 5 | ||
| 942 | |c TFG |h TFG 8890 |i 013749 |6 TFG_8890_013749000000000 | ||
| 999 | |c 13013 |d 13013 | ||
